000 01327nam a2200325 i 4500
003 EG-GICUC
005 20260121101350.0
008 251127s2012 ua d|||fr|||| 00| 0 ara d
017 _a٢٠١١/٩٤٩٢
020 _a978-977-328-865-9
040 _a EG-GICUC
_bara
_c EG-GICUC
_d EG-GICUC
_erda
041 0 _aara
082 0 4 _221
_a345.324
_bع ب . إ
092 0 4 _221
099 _aLaw1 07 345.324 ع ب . إ 2012
100 0 _aعبد السلام هابس السويفان
_eمؤلف.
245 1 0 _aإدارة مرفق الأمن بالوسائل الإلكترونية :
_bدراسة تطبيقية /
_cدكتور عبد السلام هابس السويفان.
264 1 _aالإسكندرية :
_bدار الجامعة الجديدة،
_c2012.
300 _a926 صفحة :
_bإيضاحيات؛
_c24 سم.
336 _2rda content
_atext
337 _2rda media
_aComputer
338 _2rda carrier
_aOnline Resource
504 _a. 914-891ببليوجرافيا: صفحات
546 _aالنص أغلبه باللغة العربية مع بعض النصوص الإنجليزية
650 1 4 _aطرق إدارة المرافق العامة
650 1 4 _aالقانون الإداري
856 4 0 _uhttps://fll.law.cu.edu.eg/fulltext/bks/B07-01236.pdf
905 _a32
_eYara
942 _2ddc
_cBK
_e21
_n0
999 _c46380
_d46380